000 01656cam a2200493 a 4500
001 21997
003 VRT
005 20260317144340.0
008 160430s2013 xo a b 000 j slo
015 _aSNBA2013/10
020 _a9788081077210 (viaz.)
039 9 _a202201201858
_bAUTHORITY
_c201911210806
_dAUTHORITY
_c201604301050
_dVLOAD
_c201604290810
_dVLOAD
040 _aSVKBB
_bslo
_cSVKBB
_dSNK
_eAACR2
041 0 _aslo
_heng
044 _axo
_cSK
072 7 _a821-93
_xLiteratúra pre deti a mládež
_2konspekt
080 _a82-93
_22001
080 _a821-32
_22001
080 _a(0:82-32)
_22001
240 1 0 _aIllustrated Classics for Girls'
_lSlovensky
245 0 0 _aNajkrajšie príbehy pre dievčatá
_c[z anglického originálu ... preložila Jitka Madarásová]
250 _a1. slov. vyd.
260 _aBratislava
_bSvojtka
_c2013
300 _a383 s.
_bfareb. ilustr.
_c20 cm
650 0 7 _aliteratúra pre deti a mládež
_2SNKPH
650 0 7 _aChildren’s and juvenile literature
_2SNKPHeng
655 7 _apríbehy
_2SNKPH
655 7 _aStories
_2SNKPHeng
700 1 _aMadarásová, Jitka
_4trl
910 _asvkbb
910 _asnk
910 _avthk
910 _ahevk
910 _asllk
910 _askpk
910 _attkjf
942 _2ddc
_cKLDO
_n0
949 _62889206729
_asavukPV 18626
_bsavuk2014/312
949 _6273K0581631
_asvkpoA 223483
_bsvkpo579827
949 _6270001000433660
_asvkbbA 139562
_bsvkbbm 739336
949 _617A1084771
_asnkSD 82566
_bsnk2013/25358
_o2354/13
949 _617A1084772
_asnkSD 82566 D1
_bsnk2013/25360
_o2354/13
999 _c21997
_d21997